00992nam a2200265 a 450000100060000000300080000600500170001400800390003103500190007004000270008904100080011608200220012410000330014624500980017925000120027726000300028930000290031950000200034865000290036870000320039794200120042999900170044195201330045895201350059112316BD-RjUL20211208235255.0140128s1952 nyua 001 0 eng a(BD-RjUL)12365 aDLCcDLCdBD-RjULbeng aeng00a612bBEL 19522231 aBest, Charles Herbert93825314aThe living body :ba text in human physiology /cCharles Herbert Best and Norman Burke Taylor a3rd ed. aNew York :bHolt,cc1952. a792 p. :bill. ;c25 cm. aIncludes index. 0aHuman physiology.9381671 aTaylor, Norman Burke938254 2ddccBK c12316d12316 00102ddc40708NFICaRUCLbRUCLcStackd1959-10-01eAsia Foundationl0o612 BEL 1952r2014-01-28 00:00:00tC-2w2021-12-08yBK 00102ddc40718NFICaRUCLbRUCLcReadingd2021-12-08eAsia Foundationl0o612 BEL 1952r2017-03-18 00:00:00tC-1w2017-03-18yBK